TB. OF COMMUNITY HEALTH NURSING (Record no. 10964)

MARC details
000 -LEADER
fixed length control field 00303nam a22001337a 4500
003 - CONTROL NUMBER IDENTIFIER
control field SGT
082 ## - DEWEY DECIMAL CLASSIFICATION NUMBER
Classification number 610.734
Item number C14G
100 ## - MAIN ENTRY--PERSONAL NAME
Personal name GEORGE, GEORLY
245 ## - TITLE STATEMENT
Title TB. OF COMMUNITY HEALTH NURSING
260 ## - PUBLICATION, DISTRIBUTION, ETC. (IMPRINT)
Place of publication, distribution, etc INDIA
Name of publisher, distributor, etc JAYPEE
Year of Publication 2014
300 ## - PAGE DESCRIPTION
No. of Pages 220
650 ## - SUBJECT ADDED ENTRY--TOPICAL TERM
Topical term or geographic name as entry element COMMUNITY NURSING
942 ## - ADDED ENTRY ELEMENTS (KOHA)
Source of classification or shelving scheme Dewey Decimal Classification
Koha item type Books
942 ## - ADDED ENTRY ELEMENTS (KOHA)
-- 64
Holdings
Withdrawn status Lost status Source of classification or shelving scheme Damaged status Not for loan Collection code Home library Current library Shelving location Date acquired Vendor Name Cost, normal purchase price SGTU Bill Number Total Checkouts Full call number Accession No. (Barcode) Date last seen Date last borrowed Bill Date Koha item type
    Dewey Decimal Classification     NURSING SGT Medical Library SGT Medical Library Text Book 16/02/2017 ABC 250.00 SGTU 7429 37 610.734 C14G FN3471 23/12/2025 23/12/2025 04/11/2016 Books
    Dewey Decimal Classification     NURSING SGT Medical Library SGT Medical Library Text Book 16/02/2017 ABC 250.00 SGTU 7429 29 610.734 C14G FN3472 07/01/2026 23/12/2025 04/11/2016 Books
    Dewey Decimal Classification     NURSING SGT Medical Library SGT Medical Library Text Book 16/02/2017 ABC 250.00 SGTU 7429 10 610.734 C14G FN3473 02/02/2024 18/01/2024 04/11/2016 Books
    Dewey Decimal Classification     NURSING SGT Medical Library SGT Medical Library Text Book 16/02/2017 ABC 250.00 SGTU 7429 20 610.734 C14G FN3474 20/01/2025 10/01/2025 04/11/2016 Books
    Dewey Decimal Classification     NURSING SGT Medical Library SGT Medical Library Text Book 16/02/2017 ABC 250.00 SGTU 7429 25 610.734 C14G FN3475 11/11/2025 11/11/2025 04/11/2016 Books